Countries That Have Lasted 100 Years – Sudden Death - Statistics

General Stats
  • This quiz has been taken 63 times
  • The average score is 5 of 15
Answers on the Grid
Answers color-coded by a green-red scale on the quiz's grid according to % correct below.
India
Ottoman Empire
South Sudan
Eritrea
Liberia
Aztec Empire
Czechoslovakia
United States
Spain
Brazil
Babylonia
Egypt
Austria-Hungary
Greece
Switzerland
San Marino
Soviet Union
Netherlands
Vatican City
Upper Volta
United Arab Republic
Sweden
Mexico
Cuba
Mongolia
Iran
Tuva
Danzig
Bangladesh
Crimea
 
Answer Stats
Answer % Correct
Spain
55%
Mexico
45%
Mongolia
45%
United States
45%
Brazil
36%
Greece
36%
Sweden
36%
Babylonia
27%
Iran
27%
San Marino
27%
Switzerland
27%
Cuba
18%
Netherlands
18%
Ottoman Empire
18%
Liberia
9%
No matching quizzes found
Score Distribution
Percent of People with Each Score
Percentile by Number Answered
Your Score History
You have not taken this quiz